Trust in international cooperation : (Record no. 15377)

000 -LEADER
fixed length control field 04100cam a2200349 a 4500
001 - CONTROL NUMBER
control field 16908374
005 - DATE AND TIME OF LATEST TRANSACTION
control field 20170105102916.0
008 - FIXED-LENGTH DATA ELEMENTS--GENERAL INFORMATION
fixed length control field 110808s2012 enk b 001 0 eng
010 ## - LIBRARY OF CONGRESS CONTROL NUMBER
LC control number 2011033548
020 ## - INTERNATIONAL STANDARD BOOK NUMBER
International Standard Book Number 9781107014718 (hardback)
020 ## - INTERNATIONAL STANDARD BOOK NUMBER
International Standard Book Number 9781107603769 (paperback)
040 ## - CATALOGING SOURCE
Original cataloging agency DLC
Transcribing agency DLC
Modifying agency DLC
042 ## - AUTHENTICATION CODE
Authentication code pcc
050 00 - LIBRARY OF CONGRESS CALL NUMBER
Classification number JZ1318
Item number .R375 2012
082 00 - DEWEY DECIMAL CLASSIFICATION NUMBER
Classification number 327.1/7
Edition number 23
084 ## - OTHER CLASSIFICATION NUMBER
Classification number POL011000
Number source bisacsh
100 1# - MAIN ENTRY--PERSONAL NAME
Personal name Rathbun, Brian C.,
Dates associated with a name 1973-
245 10 - TITLE STATEMENT
Title Trust in international cooperation :
Remainder of title international security institutions, domestic politics, and American multilateralism /
Statement of responsibility, etc. Brian C. Rathbun.
260 ## - PUBLICATION, DISTRIBUTION, ETC.
Place of publication, distribution, etc. Cambridge, UK ;
-- New York :
Name of publisher, distributor, etc. Cambridge University Press,
Date of publication, distribution, etc. 2012.
300 ## - PHYSICAL DESCRIPTION
Extent xiv, 253 p. ;
Dimensions 24 cm.
490 0# - SERIES STATEMENT
Series statement Cambridge studies in international relations ;
Volume/sequential designation 121
504 ## - BIBLIOGRAPHY, ETC. NOTE
Bibliography, etc. note Includes bibliographical references and index.
520 ## - SUMMARY, ETC.
Summary, etc. "Trust in International Cooperation challenges conventional wisdoms concerning the part which trust plays in international cooperation and the origins of American multilateralism. Rathbun questions rational institutionalist arguments, demonstrating that trust precedes rather than follows the creation of international organizations. Drawing on social psychology, he shows that individuals placed in the same structural circumstances show markedly different propensities to cooperate based on their beliefs about the trustworthiness of others. Linking this finding to political psychology, Rathbun explains why liberals generally pursue a more multilateral foreign policy than conservatives, evident in the Democratic Party's greater support for a genuinely multilateral League of Nations, United Nations and North Atlantic Treaty Organization. Rathbun argues that the post-Second World War bipartisan consensus on multilateralism is a myth, and differences between the parties are growing continually starker"--
520 ## - SUMMARY, ETC.
Summary, etc. "In 2001, even before the terrible events of 9/11, a term once reserved for arcane discussions among academics began to seep into the public discourse - unilateralism. This was the characterization of a number of high-profile actions taken by the new Republican administration such as the "unsigning" of the International Criminal Court statute and a lack of serious engagement on the issue of climate change. Following the terrorist attacks in New York and Washington, the Bush administration decided to fight the war in Afghanistan largely alone, refusing an offer of NATO help. Then, of course, came Iraq. The American government, unable to garner the international community's endorsement of its aim of permanently disarming Saddam Hussein's regime by force, proceeded without the sanction of the United Nations. The government's unilateralism, it has been consistently maintained, marked a departure from the post-WWII tradition of American multilateral engagement and has attracted widespread disappointment and scorn on the part of American allies. Even as the Bush administration was brandished for being unilateral, however, scholars and pundits alike failed to interrogate the term and its logical opposite - multilateralism. What are unilateralism and multilateralism and what are their sources? A convenient answer is that unilateralism is the desire to go it alone, one that simply emerges when a state's interests are out of line with those of other countries. Why, after all, would the United States seek to constrain itself multilaterally in the United Nations when other countries were not as threatened by the possibility of weapons of mass destruction falling into terrorists' hands?"--
650 #0 - SUBJECT ADDED ENTRY--TOPICAL TERM
Topical term or geographic name entry element International cooperation.
650 #0 - SUBJECT ADDED ENTRY--TOPICAL TERM
Topical term or geographic name entry element International organization.
650 #7 - SUBJECT ADDED ENTRY--TOPICAL TERM
Topical term or geographic name entry element POLITICAL SCIENCE / International Relations / General.
Source of heading or term bisacsh
856 42 - ELECTRONIC LOCATION AND ACCESS
Materials specified Cover image
Uniform Resource Identifier <a href="http://assets.cambridge.org/97811070/14718/cover/9781107014718.jpg">http://assets.cambridge.org/97811070/14718/cover/9781107014718.jpg</a>
906 ## - LOCAL DATA ELEMENT F, LDF (RLIN)
a 7
b cbc
c orignew
d 1
e ecip
f 20
g y-gencatlg
942 ## - ADDED ENTRY ELEMENTS (KOHA)
Source of classification or shelving scheme
Koha item type Book
Holdings
Withdrawn status Lost status Damaged status Not for loan Collection code Permanent Location Current Location Shelving location Date acquired Total Checkouts Full call number Barcode Date last seen Price effective from Koha item type
          Centre for International Peace & Stability (CIPS) Centre for International Peace & Stability (CIPS) General Stacks 10/02/2013   327.17 RAT 2012 CIPS0002391 11/28/2013 11/28/2013 Book
© 2023 Central Library, National University of Sciences and Technology. All Rights Reserved.